| 000 | 01033nmm a2200313 a 4500 | ||
|---|---|---|---|
| 001 | ocm0002147054 | ||
| 003 | TR-IsHL | ||
| 005 | 20201028183515.0 | ||
| 008 | 190409s2016 tu tur | ||
| 007 | cr cn | ||
| 020 | _a9786055095802 | ||
| 035 |
_a2147054 _b(N$T) |
||
| 050 | 0 | 4 |
_aBP183.3 _b.E55 2016 |
| 090 | 0 | 4 |
_aBP183.3 _b.E55 2016 |
| 100 | 1 | _aElmalı, Ali | |
| 245 | 1 | 0 |
_aZikr-i Fuad: Şifa'lı Dualar ve Zikirler _h[electronic resource] / _cAli Elmalı ; editör M. Endülüs Özbay |
| 250 | _a1. Baskı | ||
| 260 |
_aİstanbul : _bAhir Zaman Yayınları, _c2016 |
||
| 300 | _a216 p. | ||
| 650 | 4 | _aFelsefe, Psikoloji ve Din | |
| 650 | 4 | _aPhilosophy, Psychology and Religion | |
| 650 | 0 |
_aDin _x İslam |
|
| 650 | 0 |
_aİslam _x Zikirler |
|
| 650 | 0 |
_aDua _x İslamiyet |
|
| 650 | 0 |
_aPrayer _x Islam |
|
| 650 | 7 |
_aRELIGION / Islam / Rituals & Practice _2bisacsh |
|
| 700 | 1 | _aÖzbay, M. Endülüs | |
| 856 | 4 | 0 | _uhttp://search.ebscohost.com/login.aspx?direct=true&scope=site&db=e011xww&AN=2147054 |
| 999 |
_c20571 _d20571 |
||